00322 a2200109 4500001001000000005001700010008004100027245003800068100002100106773006800127999001700195ART_1905220260410161920.0260409a 10aEl cumplimiento del objeto social1 aRoitman, Horacio0 tLa informacióng- Tomo XXXVIII, Nº 587 (nov. 1978)wREV14902 c27659d27659